| 000 | 00370nam a2200145Ia 4500 | ||
|---|---|---|---|
| 008 | 240624s9999 xx 000 0 und d | ||
| 041 | _aeng | ||
| 082 | _a361.1072 SCH | ||
| 100 | _aSCHUTT RUSSELL K | ||
| 245 | _aINVESTING THE SOCIAL WORLD THE PROCESS A | ||
| 250 | _a(7th ed.) | ||
| 260 |
_c2012 _aNew Delhi _bSage Publications |
||
| 300 | _a648 : p. | ||
| 365 |
_c _b30 |
||
| 999 |
_c20292 _d20292 |
||